| 000 | 00804nam a22001937a 4500 | ||
|---|---|---|---|
| 999 |
_c62844 _d62844 |
||
| 003 | Ge_BSU | ||
| 005 | 20250307114729.0 | ||
| 008 | 250307s1980 ge ||||| |||| 00| 0 geo d | ||
| 041 | _ageo | ||
| 080 | _a616.6 ბ-13 | ||
| 100 |
_aბაბუხადია, ვასილ _922450 |
||
| 245 |
_aამბულატორიული უროლოგია / _cვასილ ბაბუხადია; წინასიტყვ. ავტ.: ს. არშბა. |
||
| 264 |
_aთბ. : _b საბჭ. საქართველო, _c1980. |
||
| 300 |
_a184 გვ. ; _b22 სმ. |
||
| 653 | _aუროლოგია | ||
| 653 | _aმედიცინა | ||
| 700 |
_aარშბა, ს. _eწინასიტყვ. ავტორი _924482 |
||
| 942 |
_2udc _cᲬᲘᲒᲜᲘ |
||